banner koha

Tratamento de sementes de soja (Glycine max (L.)Merrill)com fungicidas (Registro n. 282615)

MARC details
000 -LÍDER
campo de controle de tamanho fixo 01014nac a22003017a 4500
001 - NÚMERO DE CONTROLE
campo de controle BR8903616
003 - IDENTIFICADOR DO NÚMERO DE CONTROLE
campo de controle BR-BrBNA
005 - DATA E HORÁRIO DA ÚLTIMA TRANSAÇÃO
campo de controle 20240105121003.0
008 - CAMPO DE DADOS FIXOS--INFORMAÇÃO GERAL
campo de controle de tamanho fixo 230509b bl.|||m| |||| 00| 0 por d
040 ## - FONTE DA CATALOGAÇÃO
Instituição da catalogação original BR-BrBNA
Idioma da catalogação por
Instituição que transcreveu o registro Biblioteca Nacional de Agricultura
072 ## - CÓDIGO DE CATEGORIA DE ASSUNTO
Código de Categoria de Assunto H20
090 ## - NÚMERO DE CHAMADA LOCAL
Número de chamada 0336 BR8903616
100 1# - ENTRADA PRINCIPAL--NOME PESSOAL
Nome pessoal Zuffo, N.L.
100 1# - ENTRADA PRINCIPAL--NOME PESSOAL
Nome pessoal Morceli, A.A.
100 1# - ENTRADA PRINCIPAL--NOME PESSOAL
Nome pessoal Rios, N.N.
100 1# - ENTRADA PRINCIPAL--NOME PESSOAL
Nome pessoal Padovan, M.P.
110 1# - ENTRADA PRINCIPAL--NOME CORPORATIVO
Nome corporativo ou nome da jurisdição Empresa de Pesquisa, Assistencia Tecnica e Extensao Rural de Mato Grosso do Sul, Campo Grande (Brasil)
245 1# - TÍTULO
Título Tratamento de sementes de soja (Glycine max (L.)Merrill)com fungicidas
260 3# - PUBLICAÇÃO, DISTRIBUIÇÃO, ETC.
Local de publicação, distribuição, etc. Campo Grande, MS (Brasil):
Data da publicação, distribuição, etc. 1988.
300 ## - DESCRIÇÃO FÍSICA
Extensão 4 p.
490 ## - TÍTULO DA SÉRIE
Título da série Comunicado Tecnico - Empresa de Pesquisa, Assistencia Tecnica e Extensao Rural de Mato Grosso do Sul (Brazil)
Número do volume ou designação sequencial da série no. 9
ISSN - International Standard Serial Number ISSN 0102-1303
650 ## - ASSUNTO--TERMO TÓPICO
Cabeçalho tópico ou nome geográfico SOJA
650 ## - ASSUNTO--TERMO TÓPICO
Cabeçalho tópico ou nome geográfico SEMENTE
650 ## - ASSUNTO--TERMO TÓPICO
Cabeçalho tópico ou nome geográfico FUNGO
650 ## - ASSUNTO--TERMO TÓPICO
Cabeçalho tópico ou nome geográfico FUNGICIDA
909 ## -
-- 202312
-- Lúcia Elande
-- 55
-- Lúcia Elande
942 ## - ELEMENTOS DE ENTRADA ADICIONADOS (KOHA)
Fonte da classificação ou esquema de arquivamento na estante Classificação AGRIS
Ocultar no OPAC Não
Tipo de material Koha Monografia Seriada
Exemplares
Situação do descarte Fonte da classificação ou esquema de arquivamento na estante Situação física Não pode ser emprestado Coleção Biblioteca de origem Biblioteca atual Localização na estante Total de empréstimos Número de telefone completo Código de barras Data de último acesso Tipo de material Koha Fonte de aquisição
  Classificação AGRIS       Biblioteca Nacional de Agricultura - Binagri Biblioteca Nacional de Agricultura - Binagri Agrobase - Acervo Geral   0336 BR8903616 0336 BR8903616 18/12/2023 Monografia Seriada Portaria Interministerial nº 164/94

BINAGRI

Telefone: (61)3218-2567/2388/3357/2097 - binagri@agro.gov.br

Ministério da Agricultura e Pecuária , Esplanada dos Ministérios, Bloco D, Anexo B, Brasília/DF, CEP: 70.043-900